000 00991pam a2200313 i 4500
001 2560
003 BD-RjUL
005 20211208233559.0
008 131212s1979 nyub b 001 0 eng
020 _a0195201515 :
020 _a0195201523 (pbk.) :
035 _a(BD-RjUL)2587
040 _aDLC
_cDLC
_dDLC
_dBD-RjUL
_beng
041 _aeng
082 0 0 _a331.10951
_221
_bRAE 1979
100 1 _aRawski, Thomas G.,
_d1943-
_98267
245 1 0 _aEconomic growth and employment in China /
_cThomas G. Rawski.
260 _aNew York :
_bPublished for the World Bank [by] Oxford University Press,
_cc1979.
300 _axiv, 194 p. :
_bmap ;
_c23 cm.
500 _aIncludes index.
504 _aBibliography: p. 177-188.
650 0 _aLabor supply
_zChina.
_98268
650 0 _aEmployment forecasting
_zChina.
_98269
650 0 _aUnemployed
_zChina.
_98270
651 0 _aChina
_xEconomic conditions
_y1949-1976.
_98271
942 _2ddc
_cBK
999 _c2560
_d2560